Normal view
MARC view
Entry Personal Name
001 - CONTROL NUMBER
- control field: 210909
003 - CONTROL NUMBER IDENTIFIER
- control field: OSt
005 - DATE AND TIME OF LATEST TRANSACTION
- control field: 20250524114911.0
008 - FIXED-LENGTH DATA ELEMENTS
- fixed length control field: 250524|| aca||aabn | a|a d
040 ## - CATALOGING SOURCE
- Original cataloging agency: OSt
- Transcribing agency: OSt
100 ## - HEADING--PERSONAL NAME
- Personal name: SOLOMONS (T W Graham) and Others
670 ## - SOURCE DATA FOUND
- Source citation: Work cat.: (OSt)213825: SOLOMONS (T W Graham) and Others, Study guide and solutions manual to accompany organic chemistry Ed 7, 2000